Ireland Rugby Union Team - Rugby World Cup 2019. - Statistics

General Stats
  • This quiz has been taken 74 times
  • The average score is 18 of 31
Answer Stats
Position Player Club % Correct
Fly-half Jonathan Sexton Leinster
98%
Scrum-half Conor Murray Munster
94%
Prop Tadhg Furlong Leinster
92%
Centre Bundee Aki Connacht
86%
Hooker Rory Best Ulster
86%
Centre Robbie Henshaw Leinster
80%
Centre Garry Ringrose Leinster
76%
Wing Jacobb Stockdale Ulster
76%
Back row CJ Stander Munster
74%
Back row Peter O'Mahony Munster
74%
Prop Cian Healy Leinster
72%
Lock James Ryan Leinster
72%
Lock Iain Henderson Ulster
70%
Back row Josh van der Flier Leinster
70%
Wing Keith Earls Munster
70%
Prop John Ryan Munster
68%
Fullback Rob Kearney Leinster
66%
Fly-half Joey Carbery Munster
58%
Prop Andrew Porter Leinster
56%
Lock Tadhg Beirne Munster
54%
Wing Jordan Larmour Leinster
48%
Fly-half Jack Carty Connacht
46%
Hooker Sean Cronin Leinster
42%
Fullback Andrew Conway Munster
36%
Centre Chris Farrell Munster
32%
Prop David Kilcoyne Munster
32%
Lock Jean Kleyn Munster
26%
Back row Rhys Ruddock Leinster
22%
Back row Jordi Murphy Ulster
20%
Hooker Niall Scanell Munster
20%
Scrum-half Luke Mac Grath Leinster
4%
No matching quizzes found
Score Distribution
Percent of People with Each Score
Percentile by Number Answered
Your Score History
You have not taken this quiz